| 000 | 00784nam a2200253 i 4500 | ||
|---|---|---|---|
| 001 | 15382 | ||
| 003 | ES-MaACL | ||
| 005 | 20250828025121.0 | ||
| 007 | t| | ||
| 008 | 000222s1998 sp ||||0| spa j | ||
| 020 | _a84-7584-361-1 | ||
| 040 |
_aM-BN _bspa _cM-BN |
||
| 080 | _a376 | ||
| 100 | 1 |
_aPérez de Lara, Nuria. _990788 |
|
| 245 | 1 | 3 |
_aLa capacidad de ser sujeto _b: más allá de las técnicas en educación especial / _cNúria Pérez de Lara. |
| 250 | _a1ª ed. | ||
| 260 |
_aBarcelona : _bLaertes, _c1998. |
||
| 300 |
_a228 p. ; _c20 cm. |
||
| 490 | 1 |
_aLaertes. Psicopedagogía ; _v88 |
|
| 650 | 1 | 7 |
_aEducación especial _2embne _912103 |
| 830 | 0 |
_aLaertes. Psicopedagogía ; _v88 _9228567 |
|
| 852 |
_aES-MaACL _jL-22541 _bR.127825 |
||
| 999 |
_c15382 _d15382 |
||